| 000 | 00373nam a2200145 a 4500 | ||
|---|---|---|---|
| 001 | 1881 | ||
| 003 | CDMR | ||
| 005 | 20130318104655.0 | ||
| 008 | 130130s2010||||||||||||||||||||||||||||d | ||
| 040 |
_aCDMR _bcat _cCPC LLEIDA |
||
| 100 | 1 |
_aPrats, Margarita _91402 |
|
| 245 | 1 | 3 |
_aLa Lleida de Màrius Torres _cPRATS, Margarita |
| 260 |
_aLleida _c2010 _bLa Clamor |
||
| 942 |
_cMON _2udc |
||
| 999 |
_c1881 _d1881 |
||